| 000 | nam a22 7a 4500 | ||
|---|---|---|---|
| 999 |
_c150595 _d150593 |
||
| 005 | 20190822135103.0 | ||
| 008 | 190822b mx ||||| |||| 00| 0 spa d | ||
| 020 | _a9688594733 | ||
| 050 | 0 | 4 |
_aKGF3015 _bD47 2002 |
| 245 | 0 | 0 |
_aDerecho de acceso a la información pública en los Estados _c/ Antonio M. Aveleyra...[et al.] ; coordinadora Bianca Paola Quezada |
| 250 | _a1a ed. | ||
| 260 |
_aMéxico : _bUniversidad Iberoamericana, _c2002. |
||
| 300 |
_a108 p. ; _c22 cm. |
||
| 650 | 7 |
_2lemb _aLibertad de información _zMéxico |
|
| 650 | 7 |
_2lemb _aLibertad de prensa _zMéxico |
|
| 700 | 1 |
_aAveleyra, Antonio M., _eautor |
|
| 700 | 1 |
_aBuendia Hegewisch, José, _eautor |
|
| 700 | 1 |
_aCervantes Andrade, Raúl, _eautor |
|
| 700 | 1 |
_aQuezada, Bianca Paola, _ecoordinadora |
|
| 942 |
_2lcc _cLIB |
||